Diplomatari de la Vall d'Andorra segle XIX / Esteve López Montanya, Joan Peruga Guerrero
ISBN:
99920-0-070-8
Descripción Física:
416 p., [19] p. de làm. ; 24 cm
Otros Autores:
Peruga Guerrero, Joan
MARC
| LEADER | 00000nam a2200000Ia 4500 | ||
|---|---|---|---|
| 001 | 10751 | ||
| 003 | BGR | ||
| 005 | 20260324175420.0 | ||
| 008 | 160829s1994 xx 000 0 cat d | ||
| 020 | |a 99920-0-070-8 | ||
| 080 | |a A-1-228 | ||
| 100 | |a López Montanya, Esteve |9 32613 | ||
| 245 | |a Diplomatari de la Vall d'Andorra segle XIX / Esteve López Montanya, Joan Peruga Guerrero | ||
| 260 | |a Andorra : |b Arxiu Històric Nacional, Govern d'Andorra, |c 1994 | ||
| 300 | |a 416 p., [19] p. de làm. ; |c 24 cm | ||
| 650 | |a Documents públics |x Andorra |x S. XIX |9 32614 | ||
| 650 | |a Andorra |x Història |x S. XIX |x Fonts |9 32615 | ||
| 700 | |a Peruga Guerrero, Joan |9 32617 | ||
| 710 | 1 | |a Arxiu Nacional d'Andorra |9 70452 | |
| 901 | |a Arxiu | ||
| 942 | |n 1 |2 udc |c MON | ||
| 952 | |0 0 |1 0 |4 0 |6 A1228 |7 1 |9 46050 |a Arxiu |b Arxiu |d 2016-12-01 |l 0 |o A-1-228 |p 10751 |r 2016-12-01 00:00:00 |w 2016-12-01 |y ARXIU | ||
| 999 | |c 49551 |d 49551 | ||